[Event "January Lviv Tradition (IM-group)"]
[Site "Lviv"]
[Date "2016.01.30"]
[Round "9.6"]
[White "Frolov, Artur"]
[Black "Vasina, Olena"]
[Result "1-0"]
[WhiteElo "2499"]
[BlackElo "2095"]
[PlyCount "145"]
[EventDate "2016.01.25"]

1. e4 c5 2. Nf3 e6 3. d4 cxd4 4. Nxd4 a6 5. c4 Qc7 6. Nc3 Nf6 7. Nc2 b6 8. Bg5
Be7 9. f4 d6 10. Bd3 Nbd7 11. Qe2 Bb7 12. O-O-O O-O-O 13. Rhe1 Nc5 14. Kb1 h6
15. Bh4 Nfxe4 16. Nxe4 Bxh4 17. g3 Nxe4 18. Bxe4 Bf6 19. Bxb7+ Qxb7 20. f5 Rhe8
21. Qg4 Be5 22. Nd4 Kb8 23. fxe6 fxe6 24. Qg6 Bxd4 25. Rxd4 Qd7 26. Red1 Re7
27. Qd3 Qc7 28. Rxd6 Rxd6 29. Qxd6 Qxd6 30. Rxd6 Kc7 31. c5 bxc5 32. Rxa6 Kb7
33. Rd6 Kc7 34. Rd2 Kc6 35. Kc2 Ra7 36. a3 Ra4 37. Rd8 e5 38. Rg8 Rg4 39. Kd3
h5 40. Rc8+ Kd5 41. Rd8+ Kc6 42. Rh8 g6 43. Ke3 Kd5 44. b3 Re4+ 45. Kd3 Rd4+
46. Kc3 Ke4 47. Re8 Rd1 48. a4 Ra1 49. h4 Ra2 50. Re6 Kf5 51. Rc6 e4 52. Rxc5+
Kg4 53. Kd4 Kxg3 54. Rg5+ Kf3 55. Rxg6 Rd2+ 56. Kc3 e3 57. Rf6+ Ke2 58. a5 Rd8
59. Re6 Rc8+ 60. Kd4 Kd2 61. b4 Ra8 62. a6 e2 63. b5 e1=Q 64. Rxe1 Kxe1 65. Kc5
Kd2 66. Kb6 Rb8+ 67. Ka5 Kc3 68. a7 Rf8 69. b6 Kc4 70. b7 Rf5+ 71. Kb6 Rf6+ 72.
Kc7 Rf7+ 73. Kd6 1-0

[Event "January Lviv Tradition (IM-group)"]
[Site "Lviv"]
[Date "2016.01.30"]
[Round "10.1"]
[White "Bondarets, Vadim"]
[Black "Vasina, Olena"]
[Result "1-0"]
[WhiteElo "2299"]
[BlackElo "2095"]
[PlyCount "63"]
[EventDate "2016.01.25"]

1. c4 Nf6 2. Nf3 c5 3. Nc3 d6 4. d4 cxd4 5. Nxd4 e6 6. e4 a6 7. Be2 b6 8. O-O
Bb7 9. f3 Nbd7 10. Nc2 Qc7 11. Be3 h5 12. Qd2 h4 13. Rac1 h3 14. g3 Rc8 15.
Rfd1 Be7 16. Ne1 Qb8 17. Bf4 Ne5 18. b3 Rd8 19. Nd3 Nh5 20. Be3 Nxd3 21. Bxd3
Bc6 22. Qf2 b5 23. cxb5 axb5 24. Bb6 O-O 25. Nxb5 Bxb5 26. Bxb5 f5 27. Bc4 fxe4
28. Bxe6+ Kh8 29. f4 Rde8 30. Bc7 e3 31. Qe2 Nxf4 32. gxf4 1-0

[Event "January Lviv Tradition (IM-group)"]
[Site "Lviv"]
[Date "2016.01.30"]
[Round "10.2"]
[White "Kiolbasa, Oliwia"]
[Black "Frolov, Artur"]
[Result "1/2-1/2"]
[WhiteElo "2236"]
[BlackElo "2499"]
[PlyCount "60"]
[EventDate "2016.01.25"]

1. e4 e5 2. Nf3 Nc6 3. Bc4 Bc5 4. d3 Nf6 5. Nc3 d6 6. Bg5 h6 7. Bxf6 Qxf6 8.
Nd5 Qd8 9. c3 a6 10. d4 exd4 11. cxd4 Ba7 12. Rc1 O-O 13. Bxa6 Bxd4 14. Nxd4
Rxa6 15. O-O Nxd4 16. Qxd4 c5 17. Qc4 Be6 18. Rfd1 Qa5 19. a3 b5 20. Qd3 Bxd5
21. Qxd5 b4 22. axb4 Qxb4 23. e5 dxe5 24. Qxe5 Re6 25. Qxc5 Qxb2 26. Qc3 Qxc3
27. Rxc3 Rfe8 28. Kf1 Rf6 29. Rcd3 Re5 30. Rd5 Ree6 1/2-1/2

[Event "January Lviv Tradition (IM-group)"]
[Site "Lviv"]
[Date "2016.01.30"]
[Round "10.3"]
[White "Szostko, Jakub"]
[Black "Shkuran, Daniil"]
[Result "1/2-1/2"]
[WhiteElo "2198"]
[BlackElo "2426"]
[PlyCount "65"]
[EventDate "2016.01.25"]

1. e4 c6 2. d4 d5 3. Nc3 g6 4. h3 Bg7 5. Nf3 dxe4 6. Nxe4 Nf6 7. Nxf6+ Bxf6 8.
c3 b6 9. Bd3 Ba6 10. Bxa6 Nxa6 11. O-O O-O 12. Bh6 Re8 13. Qe2 Nc7 14. Rad1 Qd5
15. c4 Qf5 16. Bd2 Rad8 17. Bc3 Ne6 18. Rd2 c5 19. Qe3 cxd4 20. Nxd4 Nxd4 21.
Bxd4 e5 22. Bc3 Rc8 23. Qe2 Rc6 24. Rd5 Qe6 25. Rfd1 e4 26. Bxf6 Qxf6 27. b3
Rce6 28. Qe3 Qb2 29. R1d2 Qc1+ 30. Kh2 Qa3 31. Rd7 R6e7 32. Rd8 Qa5 33. R8d5
$11 1/2-1/2

[Event "January Lviv Tradition (IM-group)"]
[Site "Lviv"]
[Date "2016.01.30"]
[Round "10.4"]
[White "Bunyatov, Rustam"]
[Black "Pugachov, Ilia"]
[Result "1/2-1/2"]
[WhiteElo "2198"]
[BlackElo "2114"]
[PlyCount "90"]
[EventDate "2016.01.25"]

1. e4 c5 2. Nf3 d6 3. Bb5+ Nc6 4. O-O Bd7 5. h3 Nf6 6. Re1 e5 7. c3 a6 8. Bf1
Be7 9. d4 cxd4 10. cxd4 O-O 11. d5 Na7 12. Be3 Bb5 13. Bxb5 Nxb5 14. a4 Nc7 15.
Nc3 b5 16. axb5 Nxb5 17. Nxb5 axb5 18. Qd3 Qd7 19. Nd2 Rfc8 20. Rec1 Rxc1+ 21.
Rxc1 g6 22. Kh2 Nh5 23. Rc6 Rb8 24. Qc3 Qd8 25. Ba7 Ra8 26. Bb6 Qf8 27. Qd3 f5
28. Qxb5 fxe4 29. Be3 Nf6 30. Qc4 Qf7 31. Nxe4 Nxd5 32. Nxd6 Bxd6 33. Rxd6 Nxe3
34. Qxf7+ Kxf7 35. fxe3 Rb8 36. Rd2 Rb3 37. Re2 Ke6 38. Kg3 Kf5 39. Kf3 e4+ 40.
Kf2 Ke5 41. Ke1 Rd3 42. Kf2 h5 43. Rc2 Rb3 44. Re2 h4 45. g3 g5 1/2-1/2

[Event "January Lviv Tradition (IM-group)"]
[Site "Lviv"]
[Date "2016.01.30"]
[Round "10.5"]
[White "Nester, Ihor"]
[Black "Goluch, Piotr"]
[Result "1/2-1/2"]
[WhiteElo "2303"]
[BlackElo "2308"]
[PlyCount "98"]
[EventDate "2016.01.25"]

1. Nf3 Nf6 2. c4 e6 3. g3 a6 4. Bg2 b5 5. b3 Bb7 6. Bb2 c5 7. O-O Be7 8. e3 O-O
9. d3 d6 10. Nbd2 Nbd7 11. Qe2 Qa5 12. e4 e5 13. Nh4 g6 14. f4 Nh5 15. Bh3 Bxh4
16. Bxd7 Bf6 17. Bh3 exf4 18. Bxf6 Nxf6 19. Rxf4 Nh5 20. Rf2 Rae8 21. Nf1 Qc3
22. Rd1 Qd4 23. Qd2 bxc4 24. bxc4 Ng7 25. Qb2 Bc8 26. Bxc8 Rxc8 27. Qxd4 cxd4
28. Rb2 Rc5 29. Rb6 Ra5 30. Rxd6 Ne6 31. Nd2 Rb8 32. Nf3 Rxa2 33. Rd2 Rxd2 34.
Nxd2 Rb2 35. Nf3 Rb3 36. Ne5 a5 37. Ra6 Nc5 38. Rxa5 Nxd3 39. Nxd3 Rxd3 40. Rd5
Rd2 41. c5 Rc2 42. Rxd4 Rxc5 43. h3 Rc2 44. Ra4 Kg7 45. Rb4 h5 46. h4 Kf6 47.
Ra4 Ke5 48. Ra7 Ke6 49. Ra6+ Ke5 1/2-1/2

[Event "January Lviv Tradition (IM-group)"]
[Site "Lviv"]
[Date "2016.01.30"]
[Round "10.6"]
[White "Krykun, Yuriy"]
[Black "Sabuk, Piotr"]
[Result "0-1"]
[WhiteElo "2326"]
[BlackElo "2416"]
[PlyCount "100"]
[EventDate "2016.01.25"]

1. Nf3 Nf6 2. c4 e6 3. g3 a6 4. Bg2 b5 5. b3 Bb7 6. O-O c5 7. Bb2 Be7 8. e3 O-O
9. Qe2 d5 10. d4 dxc4 11. bxc4 Nbd7 12. Rd1 b4 13. a3 Qc7 14. Nbd2 a5 15. dxc5
Nxc5 16. axb4 axb4 17. Nd4 Bxg2 18. Kxg2 Na4 19. Qf3 e5 20. Nb5 Qb8 21. Ra2 Nd7
22. Ne4 Ndb6 23. Nbd6 Bxd6 24. Nxd6 b3 25. Rxa4 Rxa4 26. Bxe5 f6 27. Bf4 Qa8
28. e4 b2 29. Qe2 Ra1 30. Qxb2 Rxd1 31. Qxb6 g5 32. Qb3 Qa1 33. c5+ Kh8 34. Be3
Rg1+ 35. Kf3 Qf1 36. c6 Qh3 37. Ke2 Qf1+ 38. Kf3 Qh3 39. Ke2 Qh5+ 40. f3 Rg2+
41. Bf2 Qxh2 42. Qe3 Qxg3 43. Nf5 Qc7 44. Qc3 Qe5 45. Qxe5 fxe5 46. Ne7 g4 47.
c7 g3 48. c8=Q Rxc8 49. Nxc8 Rxf2+ 50. Ke1 Rc2 0-1

[Event "January Lviv Tradition (IM-group)"]
[Site "Lviv"]
[Date "2016.01.31"]
[Round "11.1"]
[White "Sabuk, Piotr"]
[Black "Bondarets, Vadim"]
[Result "0-1"]
[WhiteElo "2416"]
[BlackElo "2299"]
[PlyCount "100"]
[EventDate "2016.01.25"]

1. d4 d6 2. Nf3 g6 3. c4 f5 4. g3 Nf6 5. Bg2 c6 6. O-O Bg7 7. Nc3 O-O 8. Rb1
Qe8 9. d5 Na6 10. b4 Nc7 11. dxc6 bxc6 12. Nd4 Bd7 13. b5 c5 14. Nc6 Qf7 15.
Bg5 h6 16. Bxf6 Qxf6 17. Rb3 Kh7 18. Qd2 Qf7 19. Rc1 Ne6 20. Ra3 f4 21. Rf1 Nd4
22. Nxd4 cxd4 23. Nd5 fxg3 24. hxg3 Rfe8 25. Rc1 Bg4 26. Nb4 Rf8 27. Qf4 Qe6
28. Qe4 Qd7 29. Qd3 e5 30. Bxa8 Rxa8 31. c5 dxc5 32. Rxc5 Qe7 33. Qc4 Bxe2 34.
Qd5 Rf8 35. Ra6 Bf3 36. Qd6 Qg5 37. Rxa7 Qf5 38. Rxg7+ Kxg7 39. Qxe5+ Qxe5 40.
Rxe5 Rc8 41. g4 Kf6 42. Re1 Rc3 43. Rb1 d3 44. Rb2 Kg5 45. Nxd3 Rxd3 46. Rb1
Rd1+ 47. Rxd1 Bxd1 48. f4+ Kxf4 49. Kf2 Bxg4 50. a4 Bd7 0-1

[Event "January Lviv Tradition (IM-group)"]
[Site "Lviv"]
[Date "2016.01.31"]
[Round "11.2"]
[White "Goluch, Piotr"]
[Black "Krykun, Yuriy"]
[Result "1-0"]
[WhiteElo "2308"]
[BlackElo "2326"]
[PlyCount "79"]
[EventDate "2016.01.25"]

1. e4 c5 2. c3 d6 3. d4 Nf6 4. Bd3 g6 5. Nf3 Bg7 6. O-O O-O 7. h3 Qc7 8. Qe2 b6
9. Bf4 Nbd7 10. Nbd2 e5 11. dxe5 Nxe5 12. Nxe5 dxe5 13. Bg5 Nh5 14. Ba6 Bd7 15.
Bb5 Bc8 16. Rfd1 h6 17. Bh4 Bf6 18. Bxf6 Nxf6 19. a4 a6 20. Bc4 Bb7 21. f3 Kg7
22. Nf1 Rfd8 23. Rxd8 Qxd8 24. Rd1 Qe8 25. Rd6 Qxa4 26. Rxb6 Bc8 27. Qd3 Qd7
28. Rd6 Qa7 29. Ne3 Rb8 30. Rxf6 Kxf6 31. Qd6+ Kg7 32. Qxe5+ Kg8 33. Nd5 Be6
34. Nf6+ Kf8 35. Bxe6 c4+ 36. Kh1 Rxb2 37. Nd7+ Kg8 38. Bxf7+ Kxf7 39. Qf6+ Ke8
40. Qf8+ 1-0

[Event "January Lviv Tradition (IM-group)"]
[Site "Lviv"]
[Date "2016.01.31"]
[Round "11.3"]
[White "Pugachov, Ilia"]
[Black "Nester, Ihor"]
[Result "0-1"]
[WhiteElo "2114"]
[BlackElo "2303"]
[PlyCount "51"]
[EventDate "2016.01.25"]

1. e4 d6 2. d4 Nf6 3. Nc3 e5 4. dxe5 dxe5 5. Qxd8+ Kxd8 6. Bc4 Ke8 7. Nf3 Bd6
8. O-O Nbd7 9. Re1 a6 10. Bg5 h6 11. Bh4 b5 12. Bb3 Bb7 13. Rad1 Kf8 14. Nd5
Nxd5 15. Bxd5 Bxd5 16. Rxd5 f6 17. Nd2 Kf7 18. f3 Nb6 19. Rd3 Rhd8 20. Bf2 Bb4
21. Bxb6 Rxd3 22. cxd3 cxb6 23. Rd1 Rc8 24. a3 Bc5+ 25. Kf1 Bd4 26. Ke2 0-1

[Event "January Lviv Tradition (IM-group)"]
[Site "Lviv"]
[Date "2016.01.31"]
[Round "11.4"]
[White "Shkuran, Daniil"]
[Black "Bunyatov, Rustam"]
[Result "1-0"]
[WhiteElo "2426"]
[BlackElo "2198"]
[PlyCount "55"]
[EventDate "2016.01.25"]

1. e4 c5 2. c3 d5 3. exd5 Qxd5 4. d4 Nc6 5. Nf3 Nf6 6. Be3 cxd4 7. cxd4 e6 8.
Nc3 Qd6 9. a3 Be7 10. Bd3 O-O 11. O-O b6 12. Qe2 Bb7 13. Rad1 Rad8 14. Rfe1 Qb8
15. Bb1 Rfe8 16. Bg5 g6 17. Ba2 Nh5 18. Bh6 Bf8 19. Bxf8 Rxf8 20. d5 Nf4 21.
Qe3 exd5 22. Nxd5 Nxd5 23. Bxd5 Na5 24. Qh6 Rxd5 25. Rxd5 Re8 26. Rde5 Rxe5 27.
Nxe5 Nc6 28. Nd7 1-0

[Event "January Lviv Tradition (IM-group)"]
[Site "Lviv"]
[Date "2016.01.31"]
[Round "11.5"]
[White "Frolov, Artur"]
[Black "Szostko, Jakub"]
[Result "1-0"]
[WhiteElo "2499"]
[BlackElo "2198"]
[PlyCount "91"]
[EventDate "2016.01.25"]

1. e4 c5 2. Nf3 d6 3. d4 cxd4 4. Nxd4 Nf6 5. Nc3 a6 6. Be3 e6 7. f3 b5 8. g4 h6
9. h4 b4 10. Nce2 e5 11. Nb3 d5 12. Ng3 d4 13. Bf2 a5 14. Bc4 Ba6 15. Bxa6 Nxa6
16. Qe2 Nd7 17. Rd1 a4 18. Nc1 Nac5 19. Nd3 Ne6 20. Kf1 Qc7 21. Be1 Rb8 22. Rh2
Be7 23. Nf5 Ndf8 24. Nxe7 Qxe7 25. Nxe5 Nf4 26. Nc6 Nxe2 27. Nxe7 Kxe7 28. Rxe2
Ne6 29. Bf2 b3 30. cxb3 axb3 31. a3 Rbc8 32. Red2 Rc2 33. f4 Rd8 34. f5 Nc5 35.
Rxd4 Rxd4 36. Bxd4 Na4 37. Rd3 Nxb2 38. Rxb3 Nc4 39. Rc3 Rxc3 40. Bxc3 Ne3+ 41.
Ke2 Nxg4 42. Bxg7 f6 43. a4 h5 44. a5 Ne5 45. a6 Nc6 46. Kd2 1-0

[Event "January Lviv Tradition (IM-group)"]
[Site "Lviv"]
[Date "2016.01.31"]
[Round "11.6"]
[White "Vasina, Olena"]
[Black "Kiolbasa, Oliwia"]
[Result "0-1"]
[WhiteElo "2095"]
[BlackElo "2236"]
[PlyCount "96"]
[EventDate "2016.01.25"]

1. d4 d5 2. Nf3 Nf6 3. c4 c6 4. g3 e6 5. Bg2 Nbd7 6. O-O Be7 7. Nc3 dxc4 8. a4
O-O 9. e4 e5 10. h3 exd4 11. Qxd4 Nc5 12. Qxc4 Be6 13. Qe2 Nb3 14. Rb1 Nxc1 15.
Rbxc1 Qb6 16. Ng5 Bb3 17. e5 Nd5 18. Nge4 Rad8 19. Kh2 Rfe8 20. Qh5 Qd4 21. Ne2
Qxa4 22. Ra1 Qb4 23. Rfe1 a5 24. Nf4 Nxf4 25. gxf4 g6 26. Qh6 a4 27. Re3 Bc2
28. Rae1 Bxe4 29. Rxe4 Qxb2 30. R1e2 Rd2 31. Rxd2 Qxd2 32. e6 f5 33. Rxa4 Qxf2
34. Ra1 Rd8 35. Rf1 Qe2 36. Rf3 Qxe6 37. Rg3 Qf6 38. Rb3 Rd7 39. Re3 Qg7 40.
Qxg7+ Kxg7 41. Kg3 Kf6 42. Rc3 Rd4 43. Rb3 Bd6 44. Rxb7 Rxf4 45. Rxh7 Rf1+ 46.
Kh4 Rg1 47. Rd7 Bf4 48. Rd3 g5+ 0-1